000
00224nam a22000857a 4500
008
160920b xxu||||| |||| 00| 0 eng d
100
_9
663
_a
CBSE
245
_a
Social Sciences-VIII
260
_a
New Delhi
_b
S. Chand Publications
_c
2010
999
_c
3320
_d
3320